000 00599nam a22002297a 4500
003 UA-OsUOA
001 48764
007 ta
008 20070912b un ||||| |||| 00| 0 ukr d
100 _aАлександров А.В.
090 _a82
_bА46
942 _cBK
040 _aUA-OsUOA
_brus
_cUA-OsUOA
_dUA-OsUOA
245 _aРусский романтический рассказ
300 _a135 с.
955 _a2
041 _arus
080 _a82
260 _aОдесса
_c2000
650 7 _a82 Література. Літературознавство
_2UDC
999 _c334868
_d334868